Prestige Story (The) (Record n. 99341)

Dettagli MARC
000 -LEADER
fixed length control field 05628njm a2200649Ia 4500
001 - CONTROL NUMBER
control field A5411
003 - CONTROL NUMBER IDENTIFIER
control field IT-RoPAU
005 - DATE AND TIME OF LATEST TRANSACTION
control field 20220918181115.0
008 - FIXED-LENGTH DATA ELEMENTS--GENERAL INFORMATION
fixed length control field 131025s9999 xx 000 0 und d
040 ## - CATALOGING SOURCE
Original cataloging agency IT-RoPAU
040 ## - CATALOGING SOURCE
Transcribing agency IT-RoPAU
999 ## - SYSTEM CONTROL NUMBERS (KOHA)
Koha Dewey Subclass [OBSOLETE] n.d.
100 ## - MAIN ENTRY--PERSONAL NAME
Personal name AA.VV.
9 (RLIN) 794
100 ## - MAIN ENTRY--PERSONAL NAME
Relator term Autore musica
9 (RLIN) 28169
100 ## - MAIN ENTRY--PERSONAL NAME
Miscellaneous information Codice autore musica SPICS: 12000
9 (RLIN) 796
245 ## - TITLE STATEMENT
Title Prestige Story (The)
250 ## - EDITION STATEMENT
Edition statement 2a ed.
260 ## - PUBLICATION, DISTRIBUTION, ETC. (IMPRINT)
Place of publication, distribution, etc. MILANO
260 ## - PUBLICATION, DISTRIBUTION, ETC. (IMPRINT)
Name of publisher, distributor, etc. RUSCONI
Date of publication, distribution, etc. 1992 [1a Ed.:0]
300 ## - PHYSICAL DESCRIPTION
Extent COMPACT DISC
300 ## - PHYSICAL DESCRIPTION
Dimensions 74 minuti (Testo: 0 pag.)
500 ## - GENERAL NOTE
General note Musica jazz. Compact fuori commercio allegato al n. 2 1992 della rivista "Musica jazz".
505 ## - FORMATTED CONTENTS NOTE
Formatted contents note Subconscious Lee [(New York, 11 gennaio 1949) (Tristano Lennie) (3:00)] - Mar Cia [(New York, 21 giugno 1949) (Getz Stan) (3:00)] - Afternoon In Paris [(New York, 17 ottobre 1949) (Johnson Jay Jay) (4:00)] - Elysee [(New York, 26 maggio 1949) (Johnson Jay Jay) (4:00)] - Bop Scotch [(New York, 10 marzo 1949) (Chaloff Serge) (4:00)] - Ezz Thetic [(New York, 8 marzo 1951) (Konitz Lee) (3:00)] - With A Song In My Heart [(New York, 17 dicembre 1951) (Rollins Sonny) (4:00)] - It Had To Be You [(New York, 14 agosto 1951) (Sims Zoot) (3:00)] - Bweebida Bobbida [(Los Angeles, 27 agosto 1951) (Mulligan Gerry) (4:00)] - Moody's Mood For Love [(I'm in the Mood For Love) (New York, 19 febbraio 1952) (Pleasure King) (4:00)] - Django [(New York, 23 dicembre 1954) (Modern Jazz Quartet) (8:00)] - Just Squeeze Me [(Hackensack, 16 novembre 1955) (Davis Miles) (8:00)] - I Feel A Song Comin' On [(Hackensack, 22 marzo 1956) (Rollins Sonny) (6:00)] - Remember [(Hackensack, 6 settembre 1957) (Evans Gil) (5:00)] - Violets For Your Furs [(Hackensack, 31 maggio 1957) (Coltrane John William) (7:00)] - San Francisco Holiday [(Hackensack, 14 novembre 1961) (Lacy Steve) (5:00)] - Thirteen [(Hackensack, 27 giugno 1961) (Waldron Mal) (5:00)]
511 ## - PARTICIPANT OR PERFORMER NOTE
Participant or performer note Rodney Red: tr; Swope Earl: trne; Cohn Al: ten; Chaloff Serge: bar; Carroll Barbara: p; Gibbs Terry: vib; Pettiford Oscar: cb; Best Denzil: batt
511 ## - PARTICIPANT OR PERFORMER NOTE
Participant or performer note Davis Miles: tr; Konitz Lee: alto; Mosca Sal: p; Bauer Billy: chit; Fishkin Arnold: cb; Roach Max: batt
511 ## - PARTICIPANT OR PERFORMER NOTE
Participant or performer note Rollins Sonny: ten; Drew Kenny: p; Heath Percy: cb; Blakey Art: batt
511 ## - PARTICIPANT OR PERFORMER NOTE
Participant or performer note Sims Zoot: ten; Biss Harry: p; Lombardi Clyde: cb; Blakey Art: batt
511 ## - PARTICIPANT OR PERFORMER NOTE
Participant or performer note Hurwitz Jerry Lloyd: tr; Travis Nick: tr; Wilson Ollie: trne; Eager Allen: ten; Mulligan Gerry: bat; McElroy Max: bar; Wallington George: p; Leshin Phil: cb; Bolden Walter: batt; Madden Gail: maracas
511 ## - PARTICIPANT OR PERFORMER NOTE
Participant or performer note Pleasure King: voc; Dearie Blossom: voc; Stepter Merrill: tr; Davis Lem: alto; Abrams Ray: ten; Payne Cecil: bar; Wiltshire Teacho: p; Gaskin Leonard: cb; Lee Teddy: batt
511 ## - PARTICIPANT OR PERFORMER NOTE
Participant or performer note Lewis John: p; Jackson Milt: vib; Heath Pearcy: cb; Clarke Kenny: batt
511 ## - PARTICIPANT OR PERFORMER NOTE
Participant or performer note Davis Miles: tr; Garland Red: p; Chambers Paul: cb; Jones Philly Joe: batt
511 ## - PARTICIPANT OR PERFORMER NOTE
Participant or performer note Brown Clifford: tr; Rollins Sonny: ten; Powell Richie: p; Morrow George: cb; Roach Max: batt
511 ## - PARTICIPANT OR PERFORMER NOTE
Participant or performer note Carisi John: tr; Koven Jake: tr; Cleveland Jimmy: trne; Varsalona Bart: trne, b; Ruff Willie: corno; Lacy Steve: sop; Konitz Lee (Zeke Tolin): alto; Kurtzer Dave: fagotto; Evans Gil: p; Chambers Paul: cb; Jones Jo: batt
511 ## - PARTICIPANT OR PERFORMER NOTE
Participant or performer note Coltrane John: ten; Garland Red: p; Chambers Paul: cb; Heath Albert: batt
511 ## - PARTICIPANT OR PERFORMER NOTE
Participant or performer note Cherry Don: tr; Lacy Steve: sop; Brown Carl: cb; Higgins Billy: batt
511 ## - PARTICIPANT OR PERFORMER NOTE
Participant or performer note Dolphy Eric: alto; Ervin Booker: ten; Waldron Mal: p; Carter Ran: cello; Benjamin Joe: cb; Persip Charlie: batt
650 ## - SUBJECT ADDED ENTRY--TOPICAL TERM
Topical term or geographic name as entry element JAZZ [COMPACT DISC]
Relator term Codice MATERIA SPICS: 9949
9 (RLIN) 11822
700 ## - ADDED ENTRY--PERSONAL NAME
Personal name Konitz Lee
Dates associated with a name Codice autore musica SPICS: 11301
Relator term Autore musica
Name of part/section of a work Subconscious Lee
9 (RLIN) 28172
700 ## - ADDED ENTRY--PERSONAL NAME
Personal name Getz Stan
Dates associated with a name Codice autore musica SPICS: 10710
Relator term Autore musica
Name of part/section of a work Mar Cia
9 (RLIN) 28173
700 ## - ADDED ENTRY--PERSONAL NAME
Personal name Lewis John
Dates associated with a name Codice autore musica SPICS: 10627
Relator term Autore musica
Name of part/section of a work Afternoon In Paris - Elysee - Django
9 (RLIN) 28174
700 ## - ADDED ENTRY--PERSONAL NAME
Personal name Chaloff Serge
Dates associated with a name Codice autore musica SPICS: 18839
Relator term Autore musica
Name of part/section of a work Bop Scotch
9 (RLIN) 28175
700 ## - ADDED ENTRY--PERSONAL NAME
Personal name Russell George
Dates associated with a name Codice autore musica SPICS: 25142
Relator term Autore musica
Name of part/section of a work Ezz Thetic
9 (RLIN) 28176
700 ## - ADDED ENTRY--PERSONAL NAME
Personal name Rodgers Richard
Dates associated with a name Codice autore musica SPICS: 11120
Relator term Autore musica
Name of part/section of a work With A Song In My Heart
9 (RLIN) 28177
700 ## - ADDED ENTRY--PERSONAL NAME
Personal name Hart Lorenz
Dates associated with a name Codice autore SPICS: 10738
Relator term Autore
Name of part/section of a work With A Song In My Heart
9 (RLIN) 28178
700 ## - ADDED ENTRY--PERSONAL NAME
Personal name Kahn
Dates associated with a name Codice autore musica SPICS: 19977
Relator term Autore musica
Name of part/section of a work It Had To Be You
9 (RLIN) 28179
700 ## - ADDED ENTRY--PERSONAL NAME
Personal name Jones
Dates associated with a name Codice autore SPICS: 19978
Relator term Autore
Name of part/section of a work It Had To Be You
9 (RLIN) 28180
700 ## - ADDED ENTRY--PERSONAL NAME
Personal name Mulligan Gerry
Dates associated with a name Codice autore musica SPICS: 10712
Relator term Autore musica
Name of part/section of a work Bweebida Bobbida
9 (RLIN) 28181
700 ## - ADDED ENTRY--PERSONAL NAME
Personal name Fields I.
Dates associated with a name Codice autore musica SPICS: 28603
Relator term Autore musica
Name of part/section of a work Moody's Mood For Love (I'm in the Mood For Love) - I Feel A Song Comin' On
9 (RLIN) 28182
700 ## - ADDED ENTRY--PERSONAL NAME
Personal name McHugh Jimmy
Dates associated with a name Codice autore musica SPICS: 16297
Relator term Autore musica
Name of part/section of a work Moody's Mood For Love (I'm in the Mood For Love) - I Feel A Song Comin' On
9 (RLIN) 28183
700 ## - ADDED ENTRY--PERSONAL NAME
Personal name Ellington Duke
Dates associated with a name Codice autore musica SPICS: 13023
Relator term Autore musica
Name of part/section of a work Just Squeeze Me
9 (RLIN) 28184
700 ## - ADDED ENTRY--PERSONAL NAME
Personal name Gaines M. William
Dates associated with a name Codice autore SPICS: 6338
Relator term Autore musica
Name of part/section of a work Just Squeeze Me
9 (RLIN) 28185
700 ## - ADDED ENTRY--PERSONAL NAME
Personal name Berlin Isaiah
Dates associated with a name Codice autore musica SPICS: 10364
Relator term Autore musica
Name of part/section of a work Remember
9 (RLIN) 28186
700 ## - ADDED ENTRY--PERSONAL NAME
Personal name Dennis
Dates associated with a name Codice autore musica SPICS: 31661
Relator term Autore musica
Name of part/section of a work Violets For Your Furs
9 (RLIN) 28187
700 ## - ADDED ENTRY--PERSONAL NAME
Personal name Monk Thelonious
Dates associated with a name Codice autore musica SPICS: 10795
Relator term Autore musica
Name of part/section of a work San Francisco Holiday
9 (RLIN) 28188
700 ## - ADDED ENTRY--PERSONAL NAME
Personal name Waldron Mal
Dates associated with a name Codice autore musica SPICS: 18111
Relator term Autore musica
Name of part/section of a work Thirteen
9 (RLIN) 28189
942 ## - ADDED ENTRY ELEMENTS (KOHA)
Koha item type CD AUDIO
Source of classification or shelving scheme Dewey Decimal Classification
Dati di copia
Withdrawn status Lost status Damaged status Not for loan Home library Current library Date acquired Total Checkouts Full call number Date last seen Price effective from Koha item type Public note
    Buone Condizioni Not For Loan SPICS-MEDIATECA SPICS-MEDIATECA 25/10/2013   A5411 25/10/2013 25/10/2013 CD AUDIO Progr. Ins.: 228 / N.Vol.: 1 / Copie: 1 - Copia rara: n.d. / date import: 01.01.2014 - By Epidotti, Trombetti, Vaglietti
CREDITS: SOCIETA' SAN PAOLO Via A.Severo, 58 - ROMA (RM) & PERIODICI SAN PAOLO SRL Via Giotto, 36 MILANO & CISF Via Giotto, 36 MILANO & EDIZIONI SAN PAOLO SRL,  Piazza Soncino, 5 CINISELLO BALSAMO (MI) -- ITALY